000 00888nam a22002895i 4500
001 21994071
003 OSt
005 20250210124333.0
008 210414s2021 mau 000 0 eng
010 _a 2021937264
020 _a9780137470358
040 _aDLC
_beng
_erda
_cDLC
042 _apcc
100 1 _aEkman, Magnus,
_e.
245 1 0 _aLearning deep learning :
_btheory and practice of neural networks, computer vision, natural language processing, and transformers using tensorflow /
_cMagnus Ekman.
250 _a.
263 _a2108
264 1 _aBoston :
_bAddison-Wesley,
_c2021.
300 _aliii, 688p.
336 _atext
_btxt
_2rdacontent
337 _aunmediated
_bn
_2rdamedia
338 _avolume
_bnc
_2rdacarrier
520 _cProvided by publisher.
906 _a0
_bibc
_corignew
_d2
_eepcn
_f20
_gy-gencatlg
942 _2lcc
_cBK
999 _c20468
_d20467